[Event "Abe Yanofsky op"]
[Site "Winnipeg CAN"]
[Date "2010.09.03"]
[Round "1"]
[White "Kaptsan, Aron"]
[Black "Green, Jim"]
[Result "1/2-1/2"]
[WhiteElo "2031"]
[BlackElo "1800"]
[PlyCount "54"]
[EventDate "2010.09.03"]
[EventType "swiss"]
[EventRounds "5"]
[EventCountry "CAN"]

1. d4 d5 2. c4 c6 3. Nc3 Nf6 4. e3 a6 5. Nf3 g6 6. Bd3 Bg7 7. O-O O-O 8. h3
Nbd7 9. e4 dxe4 10. Nxe4 Nxe4 11. Bxe4 Nf6 12. Bc2 Qc7 13. Qe2 b5 14. Be3 Bb7
15. Rac1 c5 16. cxb5 axb5 17. Bb1 c4 18. Rfd1 Qd6 19. Ne5 Nd5 20. Nf3 Rac8 21.
a3 Ba6 22. Be4 Nf6 23. Bb1 Nd5 24. Be4 Nf6 25. Bb1 Nd5 26. Be4 Nf6 27. Bb1 Nd5
1/2-1/2

[Event "Abe Yanofsky op"]
[Site "Winnipeg CAN"]
[Date "2010.09.03"]
[Round "1"]
[White "Klokow, John"]
[Black "Raihman, Igal"]
[Result "1-0"]
[WhiteElo "1748"]
[BlackElo "2015"]
[PlyCount "61"]
[EventDate "2010.09.03"]
[EventType "swiss"]
[EventRounds "5"]
[EventCountry "CAN"]

1. e4 c5 2. Ne2 e6 3. d4 cxd4 4. Nxd4 a6 5. Nc3 d6 6. Be2 Be7 7. O-O Nf6 8. Be3
O-O 9. Qd2 Qc7 10. Rad1 b5 11. a3 Bb7 12. f3 d5 13. exd5 Nxd5 14. Nxd5 Bxd5 15.
Bd3 Bd6 16. g3 Nc6 17. Nxc6 Qxc6 18. Qg2 f5 19. Rd2 e5 20. Qh3 e4 21. fxe4 fxe4
22. Rxf8+ Rxf8 23. Bxe4 Bxe4 24. Qe6+ Kh8 25. Qxd6 Qc8 26. c3 h6 27. Bd4 Kh7
28. Qe7 Rg8 29. Qxe4+ Kh8 30. Qg6 Qh3 31. Bxg7+ 1-0

[Event "Abe Yanofsky op"]
[Site "Winnipeg CAN"]
[Date "2010.09.03"]
[Round "1"]
[White "Lauritson, Jim"]
[Black "Nikouline, Alexandre"]
[Result "1-0"]
[WhiteElo "1910"]
[BlackElo "2149"]
[PlyCount "105"]
[EventDate "2010.09.03"]
[EventType "swiss"]
[EventRounds "5"]
[EventCountry "CAN"]

1. d4 Nf6 2. c4 e6 3. Nc3 Bb4 4. Qc2 O-O 5. a3 Bxc3+ 6. Qxc3 Ne4 7. Qc2 f5 8.
Nh3 b6 9. f3 Nf6 10. e3 d5 11. Bd3 Bb7 12. b3 Nh5 13. Bb2 Qh4+ 14. Nf2 Qg5 15.
Nd1 Nd7 16. O-O Rf6 17. Bc1 f4 18. Bxh7+ Kf7 19. Bd3 Rh8 20. cxd5 Qxd5 21. Be4
Qg5 22. Bxb7 Ng3 23. exf4 Qh4 24. hxg3 Qxg3 25. Qxc7 Rfh6 26. Qxd7+ Kf6 27.
Qxe6+ Kxe6 28. f5+ Kd7 29. Bxh6 Rxh6 30. Ne3 Qh2+ 31. Kf2 Qh4+ 32. Ke2 Kc7 33.
Be4 Rd6 34. Rac1+ Kd7 35. Rfd1 Qe7 36. Nc4 Rh6 37. Ne5+ Kd8 38. Nc6+ Rxc6 39.
Rxc6 Qxa3 40. Bc2 Qa6+ 41. Kf2 Qb5 42. d5 Qb4 43. Rc4 Qd6 44. Be4 b5 45. Rc6
Qa3 46. Rd3 Qb2+ 47. Kg3 a5 48. d6 Qe5+ 49. Kh3 Kd7 50. Rc7+ Kd8 51. Rc2 g5 52.
fxg6 Kd7 53. Rd5 1-0

[Event "Abe Yanofsky op"]
[Site "Winnipeg CAN"]
[Date "2010.09.03"]
[Round "1"]
[White "Lipnowski, Samuel"]
[Black "Melamedoff, Gustavo"]
[Result "1-0"]
[WhiteElo "1994"]
[BlackElo "2244"]
[PlyCount "121"]
[EventDate "2010.09.03"]
[EventType "swiss"]
[EventRounds "5"]
[EventCountry "CAN"]

1. e4 c6 2. d4 d5 3. e5 Bf5 4. h4 Na6 5. g4 Be6 6. Nd2 Qb6 7. Nb3 h5 8. gxh5
Nh6 9. Bxh6 Rxh6 10. Bh3 c5 11. dxc5 Qb4+ 12. Kf1 Qxh4 13. Bxe6 Qc4+ 14. Qe2
Rxe6 15. Nf3 Rc8 16. Nbd4 Rh6 17. Qxc4 dxc4 18. c6 bxc6 19. Nf5 Re6 20. Re1 c5
21. Rh4 g6 22. hxg6 fxg6 23. Ne3 Bg7 24. Nxc4 Nb4 25. c3 Nd5 26. Rh7 Kf8 27.
Ng5 Ra6 28. Rd1 Nf4 29. Rh4 Ne6 30. Nxe6+ Rxe6 31. Rf4+ Ke8 32. Re4 Rd8 33.
Rxd8+ Kxd8 34. f4 Kc7 35. Kg2 Kc6 36. Kf3 Kd5 37. Ne3+ Kc6 38. Kg4 a5 39. c4
Bh6 40. Nd5 Kd7 41. Re3 a4 42. Rh3 g5 43. fxg5 Bg7 44. Rd3 Kc6 45. Ra3 Rxe5 46.
Rxa4 Re4+ 47. Kf5 Re2 48. Ra6+ Kb7 49. Re6 Rf2+ 50. Kg6 Bxb2 51. Rxe7+ Kc6 52.
Re6+ Kd7 53. Ra6 Bc1 54. Nf6+ Kc7 55. Ne4 Rf4 56. Re6 Rg4 57. Re5 Be3 58. Nxc5
Rxc4 59. Ne6+ Kd6 60. Rxe3 Ra4 61. Re2 1-0

[Event "Abe Yanofsky op"]
[Site "Winnipeg CAN"]
[Date "2010.09.03"]
[Round "1.5"]
[White "Boron, Anthony"]
[Black "Zaczek, Jonathan"]
[Result "0-1"]
[WhiteElo "2000"]
[BlackElo "2228"]
[PlyCount "76"]
[EventDate "2010.09.03"]
[EventType "swiss"]
[EventRounds "5"]
[EventCountry "CAN"]

1. d4 Nf6 2. Bg5 Ne4 3. Bf4 c5 4. d5 Qb6 5. Qc1 c4 6. e3 Qa5+ 7. Nd2 Qxd5 8.
Bxc4 Qc6 9. Bf1 g6 10. Ngf3 Nxd2 11. Qxd2 Bg7 12. c3 O-O 13. Be2 d6 14. O-O Nd7
15. Rfd1 Nf6 16. h3 Bd7 17. Bh2 Rfc8 18. Nd4 Qc7 19. Bf3 Rab8 20. a4 a6 21. Ra3
Be8 22. h4 Nd7 23. Bg4 Rd8 24. h5 Ne5 25. Be2 Nc4 26. Bxc4 Qxc4 27. hxg6 hxg6
28. Qe2 Rdc8 29. a5 Bf6 30. Qf3 Kg7 31. Qg3 Bd7 32. e4 Rh8 33. Qd3 Qc5 34. Qf3
Rh4 35. Nb3 Qg5 36. Rd5 Qh6 37. Qg3 Be6 38. Rf5 Rh8 0-1

[Event "Abe Yanofsky op"]
[Site "Winnipeg CAN"]
[Date "2010.09.05"]
[Round "2"]
[White "Melamedoff, Gustavo"]
[Black "De Groot, Steven"]
[Result "1-0"]
[WhiteElo "2002"]
[BlackElo "1830"]
[PlyCount "83"]
[EventDate "2010.09.03"]
[EventType "swiss"]
[EventRounds "5"]
[EventCountry "CAN"]

1. a3 Nf6 2. g3 g6 3. c3 c5 4. e3 Bg7 5. d4 d5 6. Bg2 b6 7. Ne2 Bb7 8. c4 e6 9.
Nbc3 Qd7 10. cxd5 Nxd5 11. dxc5 bxc5 12. O-O Nxc3 13. Qxd7+ Nxd7 14. Nxc3 Bxg2
15. Kxg2 Rb8 16. e4 Ne5 17. Rb1 Nc4 18. Bf4 Rxb2 19. Rxb2 Nxb2 20. Nb5 Kd7 21.
Nxa7 Ra8 22. Nb5 Kc6 23. Nd6 g5 24. Nxf7 gxf4 25. Ng5 fxg3 26. Nxe6 Bd4 27. Rb1
Nc4 28. Rc1 Ra4 29. hxg3 Nd2 30. f3 Kd6 31. Ng5 Rxa3 32. f4 Ra2 33. Kh3 Ra7 34.
Rd1 h6 35. Rxd2 hxg5 36. Kg4 gxf4 37. gxf4 Ke6 38. Rh2 Rg7+ 39. Kf3 Kd6 40.
Rh6+ Kd7 41. e5 c4 42. Rd6+ 1-0

[Event "Abe Yanofsky op"]
[Site "Winnipeg CAN"]
[Date "2010.09.04"]
[Round "2"]
[White "Nikouline, Alexandre"]
[Black "Greenberg, Harley"]
[Result "1/2-1/2"]
[WhiteElo "2149"]
[BlackElo "1732"]
[PlyCount "114"]
[EventDate "2010.09.03"]
[EventType "swiss"]
[EventRounds "5"]
[EventCountry "CAN"]

1. e4 c5 2. Nf3 e6 3. d4 cxd4 4. Nxd4 Nc6 5. Be3 Nf6 6. Nc3 Bb4 7. Bd3 d6 8.
O-O Bxc3 9. bxc3 a6 10. f4 Qc7 11. e5 Nd5 12. Bd2 Bd7 13. Nxc6 Bxc6 14. c4 Ne7
15. Bc3 d5 16. c5 Qd7 17. Bd4 Nf5 18. c3 O-O 19. Rf3 Bb5 20. Bc2 Nxd4 21. cxd4
f5 22. Rh3 g6 23. a4 Bc4 24. Bb3 a5 25. Rc3 Rfd8 26. Bxc4 dxc4 27. Rxc4 Qd5 28.
Qc2 Rac8 29. Rb1 Rc7 30. Rb5 Rc6 31. Rxa5 b6 32. Ra6 Rb8 33. Qd3 Rc7 34. Rb4
Rxc5 35. Raxb6 Rbc8 36. Rb8 Rc1+ 37. Kf2 Rxb8 38. Rxb8+ Kg7 39. Rb2 Rc4 40. Rb5
Qxd4+ 41. Qxd4 Rxd4 42. Rb7+ Kh6 43. a5 Rxf4+ 44. Kg3 Ra4 45. Ra7 Re4 46. Re7
Rxe5 47. a6 Ra5 48. Rxe6 Ra4 49. Kf3 Kg5 50. Rd6 Ra3+ 51. Ke2 Kf4 52. Rc6 Ke4
53. Kd2 Kd5 54. Rb6 Kc5 55. Rb7 Rxa6 56. Rxh7 Ra2+ 57. Ke3 Rxg2 1/2-1/2

[Event "Abe Yanofsky op"]
[Site "Winnipeg CAN"]
[Date "2010.09.04"]
[Round "2"]
[White "Schulz, Waldemar"]
[Black "Klokow, John"]
[Result "1/2-1/2"]
[WhiteElo "2066"]
[BlackElo "1748"]
[PlyCount "99"]
[EventDate "2010.09.03"]
[EventType "swiss"]
[EventRounds "5"]
[EventCountry "CAN"]

1. Nf3 d5 2. g3 Bg4 3. Bg2 c6 4. O-O Nd7 5. d4 e6 6. Nbd2 Ngf6 7. c4 Be7 8. b3
O-O 9. Bb2 a5 10. Ne1 Re8 11. Nd3 a4 12. f3 Bh5 13. Nf4 a3 14. Bc3 Bd6 15. Nxh5
Nxh5 16. f4 g6 17. e4 dxe4 18. Nxe4 Bf8 19. Qf3 Nhf6 20. Nf2 Bg7 21. Rad1 Nb6
22. Nd3 Nfd7 23. Ne5 Nxe5 24. fxe5 Qc7 25. Bb4 Bf8 26. Bd6 Bxd6 27. exd6 Qd7
28. Qf4 Rf8 29. Rd2 Rad8 30. c5 Nd5 31. Bxd5 cxd5 32. Rdf2 Rb8 33. Rc2 Rbc8 34.
Rfc1 Qc6 35. Qf1 Qd7 36. Qd3 Ra8 37. b4 Rfc8 38. Rb1 Kg7 39. b5 Kg8 40. Rc3 Kg7
41. Rxa3 Kg8 42. Rxa8 Rxa8 43. Qb3 Kf8 44. a4 Ke8 45. Qb4 h5 46. Rc1 Rc8 47. c6
bxc6 48. bxc6 Rxc6 49. Rxc6 Qxc6 50. Qb8+ 1/2-1/2

[Event "Abe Yanofsky op"]
[Site "Winnipeg CAN"]
[Date "2010.09.04"]
[Round "2"]
[White "Zaczek, Jonathan"]
[Black "Green, Aaron"]
[Result "1-0"]
[WhiteElo "2228"]
[BlackElo "2005"]
[PlyCount "66"]
[EventDate "2010.09.03"]
[EventType "swiss"]
[EventRounds "5"]
[EventCountry "CAN"]

1. e4 c5 2. Nf3 d6 3. d4 cxd4 4. Nxd4 Nf6 5. Nc3 g6 6. Be3 Bg7 7. f3 O-O 8. Bc4
Nc6 9. Qd2 Bd7 10. Bb3 Rb8 11. Nxc6 Bxc6 12. Bxa7 Ra8 13. Be3 b5 14. O-O b4 15.
Nd5 Nxd5 16. exd5 Bb5 17. Rfb1 Qa5 18. Bd4 Rfc8 19. Re1 Bf8 20. Re4 Bc4 21. Bf2
Bxb3 22. cxb3 Bg7 23. Rxe7 Bf6 24. Re4 Rab8 25. a4 Rc7 26. Rd1 Rbc8 27. Re2 Bg7
28. Rde1 Qa8 29. Bb6 Rc2 30. Qxc2 Rxc2 31. Re8+ Qxe8 32. Rxe8+ Bf8 33. Be3 Kg7
1-0

[Event "Abe Yanofsky op"]
[Site "Winnipeg CAN"]
[Date "2010.09.04"]
[Round "2.5"]
[White "Goodman, Clifford"]
[Black "Boron, Anthony"]
[Result "0-1"]
[WhiteElo "1622"]
[BlackElo "2000"]
[PlyCount "48"]
[EventDate "2010.09.03"]
[EventType "swiss"]
[EventRounds "5"]
[EventCountry "CAN"]

1. Nf3 d5 2. d4 c6 3. c4 e6 4. Nc3 Bd6 5. e3 f5 6. Bd3 Nf6 7. cxd5 cxd5 8. Bd2
O-O 9. Rc1 a6 10. Rg1 Ne4 11. g4 Qf6 12. g5 Qe7 13. h4 Nc6 14. h5 Bd7 15. Bxe4
fxe4 16. Nh4 Nb4 17. Rg2 Nd3+ 18. Ke2 Qxg5 19. Nxe4 dxe4 20. Qh1 Qxh5+ 21. Kf1
Rac8 22. Bc3 Nxc1 23. Rxg7+ Kxg7 24. Qxe4 Qe2+ 0-1

[Event "Abe Yanofsky op"]
[Site "Winnipeg CAN"]
[Date "2010.09.05"]
[Round "3"]
[White "De Groot, Steven"]
[Black "Goodman, Clifford"]
[Result "1/2-1/2"]
[WhiteElo "1830"]
[BlackElo "1622"]
[PlyCount "114"]
[EventDate "2010.09.03"]
[EventType "swiss"]
[EventRounds "5"]
[EventCountry "CAN"]

1. c4 g6 2. Nc3 e5 3. g3 Nc6 4. Bg2 Bg7 5. e4 d6 6. d3 Nf6 7. Nge2 h5 8. Bg5
Nh7 9. Be3 Nd4 10. h3 h4 11. g4 c5 12. Qd2 Qf6 13. f4 Nxe2 14. Kxe2 exf4 15.
Nd5 Qxb2 16. Rab1 fxe3 17. Qxb2 Bxb2 18. Rxb2 Rb8 19. Kxe3 Be6 20. Nc7+ Kd7 21.
Nxe6 fxe6 22. e5 b6 23. exd6 Kxd6 24. a4 e5 25. Rf1 Rhf8 26. Rbf2 Rxf2 27. Rxf2
Rf8 28. Be4 Rxf2 29. Kxf2 Ng5 30. Bxg6 Nxh3+ 31. Kf1 Nf4 32. Be4 Ke6 33. g5 Nh5
34. Kg2 Nf4+ 35. Kf1 Kf7 36. Ke1 Ne6 37. Bd5 Ke7 38. g6 Ng7 39. Kf2 Kf6 40. Bf7
Kg5 41. Kf3 h3 42. Kg3 Nh5+ 43. Kxh3 Nf4+ 44. Kg3 Nxg6 45. Bxg6 Kxg6 46. Kg4
Kf6 47. Kf3 Kf5 48. Ke3 Ke6 49. Ke4 Kd6 50. Kf5 a6 51. Kf6 Kc6 52. Kxe5 b5 53.
cxb5+ axb5 54. axb5+ Kxb5 55. Kd5 Kb4 56. Kc6 Kc3 57. Kxc5 Kxd3 1/2-1/2

[Event "Abe Yanofsky op"]
[Site "Winnipeg CAN"]
[Date "2010.09.04"]
[Round "3"]
[White "Green, Aaron"]
[Black "Melamedoff, Gustavo"]
[Result "1/2-1/2"]
[WhiteElo "2005"]
[BlackElo "2002"]
[PlyCount "84"]
[EventDate "2010.09.03"]
[EventType "swiss"]
[EventRounds "5"]
[EventCountry "CAN"]

1. e4 c6 2. d4 d5 3. exd5 cxd5 4. c4 Nf6 5. Nc3 e6 6. a3 Be7 7. Nf3 O-O 8. Be2
b6 9. Bf4 Bb7 10. Rc1 Nc6 11. O-O Rc8 12. cxd5 Nxd5 13. Bg3 Nxc3 14. Rxc3 Bf6
15. Be5 Nxe5 16. Nxe5 Rxc3 17. bxc3 Bxe5 18. dxe5 Qc7 19. Qd4 Rd8 20. Qe3 Rd5
21. f4 Qc5 22. Qxc5 Rxc5 23. Rc1 Kf8 24. Kf2 Ke7 25. g3 Bd5 26. Ke3 Bc4 27.
Bxc4 Rxc4 28. Kd3 Ra4 29. Ra1 b5 30. Kc2 h5 31. Kb3 Re4 32. Rc1 h4 33. c4 hxg3
34. hxg3 Re3+ 35. Rc3 bxc4+ 36. Kxc4 Re4+ 37. Kb5 Kd7 38. a4 g5 39. Rc4 Rxc4
40. Kxc4 gxf4 41. gxf4 Kc6 42. Kd4 a5 1/2-1/2

[Event "Abe Yanofsky op"]
[Site "Winnipeg CAN"]
[Date "2010.09.04"]
[Round "3"]
[White "Green, Jim"]
[Black "Nikouline, Alexandre"]
[Result "1-0"]
[WhiteElo "1800"]
[BlackElo "2149"]
[PlyCount "118"]
[EventDate "2010.09.03"]
[EventType "swiss"]
[EventRounds "5"]
[EventCountry "CAN"]

1. e4 e5 2. Nf3 Nc6 3. d4 exd4 4. Nxd4 Be7 5. Nxc6 dxc6 6. Qxd8+ Bxd8 7. Bd3
Bf6 8. c3 Be6 9. O-O O-O-O 10. Bc2 h6 11. Be3 Bc4 12. Rd1 Ne7 13. Rxd8+ Rxd8
14. Nd2 Ba6 15. Bb3 Rf8 16. Bc4 b5 17. Be2 Kb7 18. Nb3 Kb8 19. f4 g5 20. Bc5
gxf4 21. Rf1 Bg5 22. Nd4 Re8 23. Bxe7 Bxe7 24. Nxc6+ Kb7 25. Nxe7 Rxe7 26. Rxf4
Kb6 27. Bh5 Bb7 28. Bf3 Ka5 29. Rf6 b4 30. Rf5+ Kb6 31. cxb4 Bxe4 32. Rf6+ Kb5
33. Bxe4 Rxe4 34. Rxf7 Re1+ 35. Kf2 Rb1 36. Rxc7 Rxb2+ 37. Kf3 Rxa2 38. Rb7+
Kc6 39. Rh7 Ra4 40. Rxh6+ Kb5 41. Rh5+ Kc4 42. Ra5 Rxb4 43. Rxa7 Rb3+ 44. Kf4
Rb2 45. Rg7 Kd5 46. h4 Ke6 47. h5 Rf2+ 48. Kg3 Ra2 49. Kh4 Kf6 50. Rg6+ Kf7 51.
g4 Ra5 52. Rg5 Ra3 53. h6 Ra1 54. Rg7+ Kf8 55. g5 Rb1 56. Kh5 Rb6 57. Rg6 Rb1
58. Rf6+ Kg8 59. Kg6 Ra1 1-0

[Event "Abe Yanofsky op"]
[Site "Winnipeg CAN"]
[Date "2010.09.04"]
[Round "3"]
[White "Klokow, John"]
[Black "Lauritson, Jim"]
[Result "1/2-1/2"]
[WhiteElo "1748"]
[BlackElo "1910"]
[PlyCount "71"]
[EventDate "2010.09.03"]
[EventType "swiss"]
[EventRounds "5"]
[EventCountry "CAN"]

1. e4 c5 2. Ne2 e6 3. d4 cxd4 4. Nxd4 a6 5. g3 Nc6 6. Bg2 Nf6 7. O-O Qc7 8. Nc3
Nxd4 9. Qxd4 Bc5 10. Qd1 O-O 11. Bg5 Be7 12. Qe2 d6 13. Rfe1 Bd7 14. e5 dxe5
15. Qxe5 Qb6 16. h3 Rac8 17. Rab1 Bc6 18. Be3 Qc7 19. Qxc7 Rxc7 20. a3 Bxg2 21.
Kxg2 Bxa3 22. bxa3 Rxc3 23. Rxb7 Rxc2 24. Ra7 Rc6 25. Rc1 Rxc1 26. Bxc1 h6 27.
Rxa6 Rc8 28. Be3 Nd5 29. Bd2 Rc2 30. Ra8+ Kh7 31. Ba5 Ne3+ 32. Kf3 Nd1 33. Bb6
Rb2 34. Bd4 Rd2 35. Bc5 Rc2 36. Bd4 1/2-1/2

[Event "Abe Yanofsky op"]
[Site "Winnipeg CAN"]
[Date "2010.09.04"]
[Round "3"]
[White "Lipnowski, Samuel"]
[Black "Zaczek, Jonathan"]
[Result "0-1"]
[WhiteElo "2244"]
[BlackElo "2228"]
[PlyCount "74"]
[EventDate "2010.09.03"]
[EventType "swiss"]
[EventRounds "5"]
[EventCountry "CAN"]

1. e4 c5 2. Nf3 d6 3. d4 cxd4 4. Nxd4 Nf6 5. Nc3 a6 6. f3 e6 7. Be3 b5 8. g4 h6
9. Qd2 Nbd7 10. O-O-O Nb6 11. Bd3 Bb7 12. h4 Nfd7 13. g5 Ne5 14. b3 d5 15. exd5
Nxd5 16. Nxd5 Bxd5 17. Be2 Qc7 18. Kb1 Qb7 19. Rhf1 hxg5 20. hxg5 g6 21. f4 Nd7
22. Rf2 Nc5 23. Bd3 Rh3 24. Rh2 Rxh2 25. Qxh2 Nxd3 26. Rxd3 Be4 27. Rd2 O-O-O
28. Qg1 Bb4 29. Rh2 Qd7 30. Kb2 Qc7 31. c4 bxc4 32. bxc4 Qxc4 33. Nc2 Bc3+ 34.
Kc1 Qxa2 35. Bd4 Bxd4 36. Qxd4 Rxd4 37. Nxd4 Qxh2 0-1

[Event "Abe Yanofsky op"]
[Site "Winnipeg CAN"]
[Date "2010.09.04"]
[Round "3.5"]
[White "Boron, Anthony"]
[Black "Bince, Rolando"]
[Result "1/2-1/2"]
[WhiteElo "2000"]
[BlackElo "2132"]
[PlyCount "21"]
[EventDate "2010.09.03"]
[EventType "swiss"]
[EventRounds "5"]
[EventCountry "CAN"]

1. d4 e6 2. c4 Nf6 3. g3 d5 4. Bg2 Bb4+ 5. Bd2 c5 6. Nf3 dxc4 7. dxc5 Bxc5 8.
Qa4+ Bd7 9. Qxc4 Qb6 10. O-O Bb5 11. Qh4 1/2-1/2

[Event "Abe Yanofsky op"]
[Site "Winnipeg CAN"]
[Date "2010.09.06"]
[Round "4"]
[White "Joven, Perfecto"]
[Black "De Groot, Steven"]
[Result "0-1"]
[WhiteElo "1963"]
[BlackElo "1830"]
[PlyCount "104"]
[EventDate "2010.09.03"]
[EventType "swiss"]
[EventRounds "5"]
[EventCountry "CAN"]

1. e4 c5 2. Nf3 d6 3. d3 Nc6 4. g3 g6 5. Nc3 Bg7 6. Bg2 e6 7. O-O Nge7 8. Bg5
O-O 9. Qd2 Re8 10. Bh3 d5 11. Rad1 d4 12. Ne2 e5 13. Bxc8 Rxc8 14. Bh6 Qd7 15.
Kg2 f5 16. Bxg7 Kxg7 17. Qg5 h6 18. Qh4 Qe6 19. a3 Nd8 20. h3 Nf7 21. g4 f4 22.
g5 h5 23. Nd2 b5 24. b3 Qa6 25. Ra1 Qc6 26. Kh2 Nd6 27. f3 c4 28. Rfc1 a5 29.
Qf2 Rc7 30. Qg1 Rec8 31. h4 Qa6 32. a4 cxd3 33. cxd3 bxa4 34. Rxc7 Rxc7 35. Nc4
Nxc4 36. bxc4 Rb7 37. Qc1 Rb4 38. Qc2 Qb7 39. Ra2 Nc6 40. Qd2 a3 41. Rxa3 Rb2
42. Qd1 Qb4 43. Ra1 Rd2 44. Qf1 Qb2 45. Re1 Nb4 46. Kg1 Nxd3 47. Rb1 Qc2 48.
Rb7+ Kf8 49. Rb8+ Ke7 50. Rb7+ Kd8 51. Rb8+ Kc7 52. Rb1 Rxe2 0-1

[Event "Abe Yanofsky op"]
[Site "Winnipeg CAN"]
[Date "2010.09.05"]
[Round "4"]
[White "Melamedoff, Gustavo"]
[Black "Green, Jim"]
[Result "1-0"]
[WhiteElo "2002"]
[BlackElo "1800"]
[PlyCount "71"]
[EventDate "2010.09.03"]
[EventType "swiss"]
[EventRounds "5"]
[EventCountry "CAN"]

1. Nf3 d6 2. c4 e5 3. Nc3 Nf6 4. g3 Be7 5. Bg2 c6 6. O-O O-O 7. d3 Nbd7 8. Rb1
Qc7 9. b4 a6 10. a4 d5 11. cxd5 cxd5 12. Qb3 d4 13. Nd5 Nxd5 14. Qxd5 Qd6 15.
Qxd6 Bxd6 16. Nd2 Rb8 17. Nc4 Bc7 18. Ba3 b5 19. axb5 axb5 20. Na5 Bd6 21. Rfc1
Rb6 22. Rc2 Nb8 23. Rbc1 Be6 24. Nb7 Be7 25. Nc5 g6 26. Ra1 Kg7 27. Bc1 Rd8 28.
Ra7 Kf8 29. Bh6+ Ke8 30. Ne4 Ra6 31. Rxe7+ Kxe7 32. Bg5+ f6 33. Bxf6+ Ke8 34.
h4 Rc8 35. Rxc8+ Bxc8 36. Bxe5 1-0

[Event "Abe Yanofsky op"]
[Site "Winnipeg CAN"]
[Date "2010.09.05"]
[Round "4"]
[White "Nikouline, Alexandre"]
[Black "Raihman, Igal"]
[Result "0-1"]
[WhiteElo "2149"]
[BlackElo "2015"]
[PlyCount "70"]
[EventDate "2010.09.03"]
[EventType "swiss"]
[EventRounds "5"]
[EventCountry "CAN"]

1. e4 c5 2. Nf3 d6 3. d4 cxd4 4. Nxd4 Nf6 5. Nc3 a6 6. Bg5 e6 7. f4 Be7 8. Qf3
Qc7 9. O-O-O Nc6 10. Nxc6 bxc6 11. e5 Nd5 12. Bxe7 Qxe7 13. Ne4 dxe5 14. fxe5
O-O 15. c4 f5 16. Nd6 Qg5+ 17. Kb1 Ne7 18. h4 Qg6 19. Bd3 Bd7 20. Rhg1 Nc8 21.
g4 Nxd6 22. gxf5 Qh6 23. exd6 exf5 24. c5 Qxh4 25. Qg2 g6 26. Rh1 Qb4 27. Qe2
Rae8 28. Bc4+ Kg7 29. Qh2 h5 30. Rdg1 Qxc4 31. Qxh5 Re1+ 32. Rxe1 gxh5 33. Rxh5
Qxc5 34. Rg5+ Kf6 35. Reg1 Qxg1+ 0-1

[Event "Abe Yanofsky op"]
[Site "Winnipeg CAN"]
[Date "2010.09.05"]
[Round "4"]
[White "Zaczek, Jonathan"]
[Black "Kaptsan, Aron"]
[Result "1-0"]
[WhiteElo "2228"]
[BlackElo "2031"]
[PlyCount "47"]
[EventDate "2010.09.03"]
[EventType "swiss"]
[EventRounds "5"]
[EventCountry "CAN"]

1. e4 e5 2. Nf3 Nc6 3. Bb5 a6 4. Ba4 Nf6 5. O-O Be7 6. Re1 b5 7. Bb3 d6 8. a4
Bb7 9. d3 O-O 10. Nbd2 h6 11. Nf1 Re8 12. Ne3 Bf8 13. Bd2 Nd4 14. Ba2 c5 15. c3
Nxf3+ 16. Qxf3 c4 17. Ng4 cxd3 18. Bxh6 d5 19. Bg5 dxe4 20. Qg3 Be7 21. Nh6+
Kh7 22. Nxf7 Qc7 23. Bxf6 Bxf6 24. Qh3+ 1-0

[Event "Abe Yanofsky op"]
[Site "Winnipeg CAN"]
[Date "2010.09.05"]
[Round "5"]
[White "Atem, James"]
[Black "Nikouline, Alexandre"]
[Result "0-1"]
[WhiteElo "1874"]
[BlackElo "2149"]
[PlyCount "112"]
[EventDate "2010.09.03"]
[EventType "swiss"]
[EventRounds "5"]
[EventCountry "CAN"]

1. e4 c5 2. Nf3 d6 3. Nc3 Nf6 4. d4 cxd4 5. Qxd4 Nc6 6. Bb5 Bd7 7. Bxc6 Bxc6 8.
Bg5 h6 9. Be3 Ng4 10. h3 Nxe3 11. Qxe3 Qa5 12. O-O g6 13. Qd4 Rg8 14. a3 Bg7
15. Qe3 Bxc3 16. bxc3 Qc5 17. Nd4 Bd7 18. Qd2 Rc8 19. Qxh6 Qxc3 20. Qh7 Rf8 21.
Qg7 e5 22. Ne2 Qxc2 23. Rac1 Qxe2 24. Rxc8+ Bxc8 25. Rc1 Bd7 26. Rc7 Qxe4 27.
Rxd7 Kxd7 28. Qxf8 Qe1+ 29. Kh2 Qxf2 30. Qb8 Qf4+ 31. Kh1 Qc1+ 32. Kh2 Qc7 33.
Qxa7 d5 34. Qa4+ Qc6 35. Qg4+ f5 36. Qh4 d4 37. Qh7+ Kc8 38. Qg8+ Kc7 39. Qg7+
Kb6 40. Qe7 d3 41. Qb4+ Ka6 42. a4 e4 43. Qd4 Ka5 44. h4 Qxa4 45. Qa7+ Kb4 46.
Qxb7+ Kc3 47. Qg7+ Qd4 48. Qxg6 d2 49. Qc6+ Kd3 50. Qb5+ Ke3 51. Qb3+ Qd3 52.
Qd1 Kf2 53. Qg1+ Ke2 54. Qa1 d1=Q 55. Qb2+ Q1d2 56. Qh8 Qf4+ 0-1

[Event "Abe Yanofsky op"]
[Site "Winnipeg CAN"]
[Date "2010.09.06"]
[Round "5"]
[White "De Groot, Steven"]
[Black "Greenberg, Harley"]
[Result "1/2-1/2"]
[WhiteElo "1830"]
[BlackElo "1732"]
[PlyCount "57"]
[EventDate "2010.09.03"]
[EventType "swiss"]
[EventRounds "5"]
[EventCountry "CAN"]

1. c4 Nf6 2. Nc3 e6 3. g3 d5 4. cxd5 exd5 5. Bg2 c6 6. d4 Bd6 7. Nf3 O-O 8. O-O
Be6 9. Qc2 Qd7 10. Ng5 Bf5 11. e4 dxe4 12. Ngxe4 Nxe4 13. Bxe4 Bxe4 14. Nxe4
Bc7 15. Be3 Qf5 16. Rac1 Nd7 17. Rfd1 Bb6 18. Nd6 Qd5 19. Nxb7 Qxa2 20. Qxc6
Nf6 21. d5 Bxe3 22. fxe3 Qxb2 23. d6 Ng4 24. Rc2 Qb3 25. d7 Qxe3+ 26. Kg2 Qe7
27. Kg1 Qe3+ 28. Kg2 Qe7 29. Kg1 1/2-1/2

[Event "Abe Yanofsky op"]
[Site "Winnipeg CAN"]
[Date "2010.09.05"]
[Round "5"]
[White "Green, Aaron"]
[Black "Dawa, Arvin"]
[Result "0-1"]
[WhiteElo "2005"]
[BlackElo "2172"]
[PlyCount "44"]
[EventDate "2010.09.03"]
[EventType "swiss"]
[EventRounds "5"]
[EventCountry "CAN"]

1. e4 c6 2. d4 d5 3. exd5 cxd5 4. c4 Nf6 5. Nf3 Nc6 6. Nc3 e6 7. Be2 Be7 8. O-O
dxc4 9. Bxc4 O-O 10. Be3 a6 11. a3 b5 12. Be2 Bb7 13. b4 Nd5 14. Rc1 Rc8 15.
Qb3 Nxe3 16. fxe3 Bg5 17. Ne4 Nxd4 18. Rxc8 Nxb3 19. Rxd8 Bxe3+ 20. Nf2 Rxd8
21. Kh1 Bxf3 22. Bxf3 Nd2 0-1

[Event "Abe Yanofsky op"]
[Site "Winnipeg CAN"]
[Date "2010.09.05"]
[Round "5"]
[White "Green, Jim"]
[Black "Swift, Ryne"]
[Result "1/2-1/2"]
[WhiteElo "1800"]
[BlackElo "1802"]
[PlyCount "60"]
[EventDate "2010.09.03"]
[EventType "swiss"]
[EventRounds "5"]
[EventCountry "CAN"]

1. e4 e5 2. Nf3 Nc6 3. d4 exd4 4. Nxd4 Nf6 5. Nxc6 bxc6 6. Bd3 Be7 7. O-O O-O
8. Nc3 d6 9. h3 Bb7 10. a3 Qd7 11. b4 Rfe8 12. Rb1 Bf8 13. Re1 Rad8 14. Bg5 Be7
15. Be3 a6 16. Qe2 Qc8 17. Qf1 h6 18. f4 Bf8 19. Bf2 Kh8 20. Bh4 Be7 21. Bf2
Kg8 22. Be3 Kh8 23. Bf2 Ng8 24. Bg3 Bf8 25. Bh4 Be7 26. Bf2 Nf6 27. Be3 Bf8 28.
Bf2 Be7 29. Be3 Bf8 30. Bf2 Be7 1/2-1/2

[Event "Abe Yanofsky op"]
[Site "Winnipeg CAN"]
[Date "2010.09.05"]
[Round "5"]
[White "Lipnowski, Samuel"]
[Black "Klokow, John"]
[Result "1-0"]
[WhiteElo "2244"]
[BlackElo "1748"]
[PlyCount "107"]
[EventDate "2010.09.03"]
[EventType "swiss"]
[EventRounds "5"]
[EventCountry "CAN"]

1. e4 e5 2. Nf3 Nc6 3. Bb5 Nf6 4. O-O Nxe4 5. d4 Nd6 6. Bxc6 dxc6 7. dxe5 Nf5
8. Qxd8+ Kxd8 9. Nc3 Ne7 10. h3 Ng6 11. Ne4 h6 12. b3 Be6 13. Bb2 c5 14. c4 Ke8
15. Rad1 Rd8 16. Rxd8+ Kxd8 17. Nfd2 Nf4 18. Kh2 Be7 19. Kg3 g5 20. Kf3 Kc8 21.
Kg3 Rd8 22. f3 Rd3 23. Kf2 Bf8 24. Ba1 b6 25. Re1 Rd8 26. Kg1 Kb7 27. Nf1 a5
28. a4 Rd3 29. Rb1 Bf5 30. Nfd2 Be6 31. Kf1 Re3 32. Nf2 Bf5 33. Nde4 Be6 34.
Ng4 Rxb3 35. Rc1 Rb4 36. Ne3 Rxa4 37. Nf2 Ra2 38. Ned1 c6 39. Bb2 Ra4 40. Ne3
Rb4 41. Rc2 a4 42. g3 Ng6 43. Nd3 Rb3 44. Ke2 a3 45. Bc1 Ka6 46. Ra2 Rc3 47.
Bxa3 Bxc4 48. Nxc4 Rxc4 49. Bxc5+ Kb7 50. Be3 Be7 51. Nb2 Rc2+ 52. Kd3 Rh2 53.
Bxb6 Kxb6 54. Nc4+ 1-0